| 000 | 00546nam a2200181 4500 | ||
|---|---|---|---|
| 245 |
_aRamanujan's Papers _cedited by Ramanujan Srinivasa , V. Vinay and C .S. Yogananda |
||
| 100 | _aVenkatachalla, B.J. | ||
| 710 | _aVinay, V. | ||
| 710 | _aYogananda, C. S. | ||
| 260 |
_aBangalore _bPrism Books _cc2000 |
||
| 300 | _a[8], 391p. 28cm. | ||
| 020 | _a817286180X | ||
| 082 |
_a510.924 _bRAM |
||
| 650 | _aRamanujan, Srinivasa-Biography | ||
| 650 | _aMathematicians-Biography | ||
| 650 | _aNumbers, theory of | ||
| 650 | _aAlgebraic number theory | ||
| 999 |
_c83625 _d83625 |
||